Gaming Quiz

Random Gaming Quiz

Life is Strange: Before the Storm characters Quiz Stats

 Plays Quiz not verified by Sporcle

Support Sporcle.
Go Orange.
Score 0/33 Timer 10:00
0 Plays Today
Character % Correct
Chloe Price
98.6%
Rachel Amber
96.7%
Joyce Price
95.3%
David Madsen
94.4%
Nathan Prescott
92.5%
Frank Bowers
91.1%
Victoria Chase
86%
Raymond Wells
83.6%
Rose Amber
79.4%
William Price
79%
James Amber
78.5%
Damon Merrick
76.2%
Sera Gearhardt
73.4%
Maxine Caulfield
73.4%
Dana Ward
73.4%
Steph Gingrich
72.9%
Mikey North
72.4%
Character % Correct
Drew North
72%
Samantha Myers
71%
Eliot Hampden
67.3%
Juliet Watson
65.4%
Sean Prescott
65.4%
Samuel Taylor
62.6%
Justin Williams
58.4%
Skip Matthews
56.1%
Michelle Grant
54.2%
Evan Harris
50%
Hayden Jones
48.6%
Travis Keaton
41.6%
Sheldon Pike
38.8%
Anthony North
36.4%
Peter Gillespie
24.8%
Rodney Sears
23.8%

You're not logged in!

Compare scores with friends on all Sporcle quizzes.
OR
Log In

From the Vault

10 Sub- Words

by samc67

If vocabulary isn't your thing, why not sub someone else in to take this quiz for you?
Remove Ads.
Support Sporcle.
Get the best of Sporcle when you Go Orange. This ad-free experience offers more features, more stats, and more fun while also helping to support Sporcle. Thank you for becoming a member.

Show Comments

Extras

Created Jul 8, 2019ReportNominate
Tags:before, Character, life, storm, strange

Top Quizzes Today


Score Distribution

Your Account Isn't Verified!

In order to create a playlist on Sporcle, you need to verify the email address you used during registration. Go to your Sporcle Settings to finish the process.

Report this User

Report this user for behavior that violates our Community Guidelines.

Details: